Обоснование актуальности использования в трансмиссии геохода эксцентриково-циклоидального зацепления; Инновационные технологии в машиностроении

Podrobná bibliografie
Parent link:Инновационные технологии в машиностроении.— 2018.— [С. 248-253]
Hlavní autor: Трухманов Д. С.
Korporativní autor: Национальный исследовательский Томский политехнический университет (ТПУ) Юргинский технологический институт (филиал) (ЮТИ) Кафедра горно-шахтного оборудования (ГШО)
Další autoři: Аксёнов В. В. Владимир Валерьевич, Дубов Г. М.
Shrnutí:Заглавие с экрана
Рассматривается состояние вопроса по темпам формирования подземного пространства в России. Проводится анализ недостатков имеющегося проходческого оборудования (щиты, комбайны). Отмечается, что перспективным способом проведения горных выработок является геовинчестерная технология, базовым функциональным элементом которой является геоход. Утверждается, что одной из ключевых систем геохода, определяющей его работоспособность, является трансмиссия. Отмечается, что реализованная в настоящее время в опытном образце геохода трансмиссия с гидроцилиндрами, имеет, как свои достоинства, так и недостатки. Это не позволяет считать трансмиссию с гидроцилиндрами оптимальным решением для её использования, при разработке геоходов нового поколения. Проводится обзор различных видов зубчатых зацеплений и делаются выводы о перспективности их применения в трансмиссии геохода.
Jazyk:ruština
Vydáno: 2018
Edice:Передовые технологии и техника для разработки недр
Témata:
On-line přístup:http://earchive.tpu.ru/handle/11683/50170
Médium: MixedMaterials Elektronický zdroj Kapitola
KOHA link:https://koha.lib.tpu.ru/cgi-bin/koha/opac-detail.pl?biblionumber=627258

MARC

LEADER 00000naa2a2200000 4500
001 627258
005 20231102024249.0
035 |a (RuTPU)RU\TPU\conf\27000 
035 |a RU\TPU\conf\26998 
090 |a 627258 
100 |a 20180823d2018 k y0rusy50 ca 
101 0 |a rus 
102 |a RU 
105 |a y z 101zy 
135 |a drcn ---uucaa 
181 0 |a i  
182 0 |a b 
200 1 |a Обоснование актуальности использования в трансмиссии геохода эксцентриково-циклоидального зацепления  |f Д. С. Трухманов, В. В. Аксёнов, Г. М. Дубов 
203 |a Текст  |c электронный 
225 1 |a Передовые технологии и техника для разработки недр 
230 |a 1 компьютерный файл (pdf; 267 Kb) 
300 |a Заглавие с экрана 
320 |a [Библиогр.: с. 252-253 (22 назв.)] 
330 |a Рассматривается состояние вопроса по темпам формирования подземного пространства в России. Проводится анализ недостатков имеющегося проходческого оборудования (щиты, комбайны). Отмечается, что перспективным способом проведения горных выработок является геовинчестерная технология, базовым функциональным элементом которой является геоход. Утверждается, что одной из ключевых систем геохода, определяющей его работоспособность, является трансмиссия. Отмечается, что реализованная в настоящее время в опытном образце геохода трансмиссия с гидроцилиндрами, имеет, как свои достоинства, так и недостатки. Это не позволяет считать трансмиссию с гидроцилиндрами оптимальным решением для её использования, при разработке геоходов нового поколения. Проводится обзор различных видов зубчатых зацеплений и делаются выводы о перспективности их применения в трансмиссии геохода. 
463 0 |0 (RuTPU)RU\TPU\conf\26327  |t Инновационные технологии в машиностроении  |o сборник трудов IX Международной научно-практической конференции, 24–26 мая 2018 г., Юрга  |f Национальный исследовательский Томский политехнический университет (ТПУ), Юргинский технологический институт (ЮТИ) ; под ред. Д. А. Чинахова  |v [С. 248-253]  |d 2018 
610 1 |a электронный ресурс 
610 1 |a труды учёных ТПУ 
610 1 |a актуальность 
610 1 |a трансмиссии 
610 1 |a геоходы 
610 1 |a эксцентриково-циклоидальное зацепление 
610 1 |a подземные пространства 
610 1 |a проходческое оборудование 
610 1 |a горные выработки 
610 1 |a зубчатые зацепления 
700 1 |a Трухманов  |b Д. С. 
701 1 |a Аксёнов  |b В. В.  |c горный инженер  |c профессор Юргинского технологического института (филиала) Томского политехнического университета, доктор технических наук  |f 1955-  |g Владимир Валерьевич  |2 stltpush  |3 (RuTPU)RU\TPU\pers\26165  |9 11974 
701 1 |a Дубов  |b Г. М. 
712 0 2 |a Национальный исследовательский Томский политехнический университет (ТПУ)  |b Юргинский технологический институт (филиал) (ЮТИ)  |b Кафедра горно-шахтного оборудования (ГШО)  |h 2088  |2 stltpush  |3 (RuTPU)RU\TPU\col\18984 
801 2 |a RU  |b 63413507  |c 20180824  |g RCR 
856 4 |u http://earchive.tpu.ru/handle/11683/50170 
942 |c BK